000 00549nam a2200217Ia 4500
008 171120s9999 xx 000 0 und d
020 _a9.7897195986e+012
050 _a332
050 _bF268 2015
100 _aFausto, Rose Fres
245 4 _aThe retelling of the richest man in Babylon /
245 _cby Rose Fres-Fausto.
260 _aPhilippines :
260 _bJuncture Enterprises,
260 _c2015
300 _a39 pages :
300 _billustrations ;
300 _c28cm.
650 _aBusiness ethics.
700 _aTitle.
999 _c345395
_d345395